000 00493nam a22001337a 4500
005 20241210090349.0
008 241210b |||||||| |||| 00| 0 eng d
100 _aObmina, Luz Casareo.
_eauthor.
_964394
245 _aHalina at gumawa tayo ng papel /
_cLuz Casareo Obmina.
260 _aPhilippines;
_bPublishers Association of the Philippines, Inc.,
_cFebruary 2018.
300 _aVolume 66, pages 358-359,
_billustration.
700 _aObmina, Luz Casareo.
_eauthor.
_964394
942 _2ddc
_cPER
999 _c23260
_d23260